000
00219nam a22001217a 4500
040
_c
SK
082
_a
551
100
_a
ROBERT G.
245
_a
Limnology
260
_a
LONDON
_b
ROB
_c
1981
300
_a
743p.
942
_c
EK
999
_c
8631
_d
8631